Statystyki dla Kraje anglojęzyczne

Kliknij tutaj aby rozwiązać quiz!

Ogólne statystyki

  • Ten quiz został rozwiązany 61 razy
    (41 od ostatniego zresetowania)
  • Średni wynik to 21 z 75

Statystyki odpowiedzi

Odpowiedź% Poprawnych
Wielka Brytania
97%
Stany Zjednoczone
85%
Irlandia
73%
Australia
70%
Kanada
64%
Nowa Zelandia
58%
Republika Południowej Afryki
52%
Indie
48%
Nigeria
48%
Kenia
39%
Nauru
36%
Jamajka
33%
Malta
33%
Rwanda
33%
Samoa
33%
Samoa Amerykańskie
33%
Sudan
33%
Tanzania
33%
Dominika
30%
Palau
30%
Tuvalu
30%
Uganda
30%
Wyspy Marshalla
30%
Zambia
30%
Zimbabwe
30%
Bahamy
27%
Barbados
27%
Belize
27%
Fidżi
27%
Ghana
27%
Lesotho
27%
Malawi
27%
Mikronezja
27%
Namibia
27%
Papua-Nowa Gwinea
27%
Sierra Leone
27%
Somalia
27%
Sudan Południowy
27%
Antigua i Barbuda
24%
Grenada
24%
Guam
24%
Kiribati
24%
Liberia
24%
Pakistan
24%
Saint Lucia
24%
Saint Vincent i Grenadyny
24%
Seszele
24%
Tonga
24%
Vanuatu
24%
Wyspy Salomona
24%
Botswana
21%
Eswatini
21%
Filipiny
21%
Gambia
21%
Gujana
21%
Saint Kitts i Nevis
21%
Kamerun
18%
Mauritius
18%
Portoryko
18%
Brunei
15%
Brytyjskie Wyspy Dziewicze
15%
Falklandy
15%
Wyspy Cooka
15%
Anguilla
12%
Bermudy
12%
Kajmany
12%
Singapur
12%
Wyspa Man
12%
Wyspy Dziewicze Stanów Zjednoczonych
12%
Gibraltar
9%
Mariany Północne
6%
Sint Maarten
6%
Trinidad I Tobago
6%
Turks i Caicos
6%
Wyspa Świętej Heleny
6%

Rozkład punktacji

Percentyl według liczby udzielonych odpowiedzi

Procent ludzi z każdym wynikiem

Twoja historia wyników

Nie rozwiązałeś tego quizu od ostatniego zresetowania